| 000 | 00840nam a2200241 i 4500 | ||
|---|---|---|---|
| 001 | 22101 | ||
| 003 | ES-MaACL | ||
| 005 | 20250831121724.0 | ||
| 007 | t| | ||
| 008 | 021211s1879 sp ||||1| spa d | ||
| 110 | 2 |
_aAsociación para la Reforma de los Aranceles de Aduanas _91779 |
|
| 245 | 1 | 0 | _aSegundo meeting libre-cambista sobre la importación de cereales. |
| 260 |
_aMadrid : _b[s.n.], _c1879 ( _fImp. de Enrique de la Riva) |
||
| 300 |
_a61 p. ; _c22 cm. |
||
| 500 | _aCelebrado el día 26 de octubre de 1879. | ||
| 500 | _aTema: Urgencia de autorizar la libre introducción de cereales. | ||
| 650 | 4 |
_aCereales- _zEspaña- _xImportación. _9153305 |
|
| 852 |
_aES-MaACL _jFol-Laf-378 |
||
| 852 |
_aES-MaACL _jT-372-F-7 |
||
| 852 |
_aES-MaACL _jT-360-F-9 |
||
| 852 |
_aES-MaACL _jT-310-F-8 |
||
| 999 |
_c22101 _d22101 |
||